00427 a2200145 4500003000400000005001700004008004100021020001800062040000900080082001800089100003200107245009300139260004000232300000900272OSt20231107121540.0231107b |||||||| |||| 00| 0 eng d a9789391938024 coclc a954.83bKUR/M aKurup, K K Nd1939- author. a1921 Malabar Samaram Vol 4:bPoralikal mannum manassum /cGeneral editor Dr. K K N Kurup aKerala:bYuvatha book house,c2023. a431p